00528nam a2200181u 450000100060000000300080000600500170001400800390003103500190007004000240008904100080011308200200012110000210014124500640016226000640022630000210029065000350031131078BD-RjUL20211209051646.0821206s19511903enk 000 0 eng a(BD-RjUL)31165 aDLCcCarPdDLCbeng aeng a242.1bKEO 1951 akempis, thomas a00aOf the imitation of Christ :bfour books /cthomas a kempis aLondon :boxford university press,cc1903 [reprinting 1951] a291 p. ;c15 cm. aMeditationsv Electronic books